[Event "9. Korbacher Open 2017"]
[Site "Korbach"]
[Date "2017.10.19"]
[Round "1"]
[White "Spitzl, Vinzent"]
[Black "Petras, Nils"]
[Result "1-0"]
[WhiteElo "2300"]
[BlackElo "1922"]
[Annotator "TA"]
[PlyCount "111"]
[EventDate "2017.??.??"]
[EventType "swiss"]
[EventCountry "GER"]
[SourceTitle "playchess.com"]
[Source "ChessBase"]
[SourceQuality "1"]

{[%evp 21,111,48,57,60,65,72,105,82,104,49,83,86,154,154,155,141,147,134,256,214,243,236,240,225,191,114,104,77,205,184,353,369,302,393,380,383,385,384,360,379,364,371,447,443,29989,29990,29990,379,563,387,501,495,595,603,573,573,479,244,190,36,204,8,8,15,189,0,541,531,503,441,441,441,441,315,269,221,221,214,200,199,1324,1324,1324,1324,1015,274,29977,29978,29978,29978,29974,11400]} 1. e4 c5 2. Nf3 d6 3. d4 cxd4 4. Nxd4 Nf6 5. f3 a6 6. c4 g6 7. Nc3 Bg7 8. Be3 O-O 9. Be2 Nc6 10. Qd2 Bd7 11. O-O Rc8 {LiveBook: 94 Games} 12. Rab1 {B38: Sicilian: Maroczy Bind with 5...Bg7 and 7...0-0} (12. Rac1 h5 13. Rfd1 Kh7 14. Nxc6 Bxc6 15. b4 Bd7 16. c5 Be6 17. Nd5 dxc5 18. bxc5 Bxd5 19. exd5 e6 20. dxe6 Qxd2 21. Rxd2 fxe6 {½-½ (60) Cheparinov,I (2696)-Mamedyarov,S (2731) Elista 2008}) 12... Ne5 13. b3 h5 14. h3 {White is better.} Nc6 15. g4 $146 ({Better is} 15. Nc2 $16) ({Predecessor:} 15. Kh1 Re8 16. Nd5 e6 17. Nxc6 Rxc6 {1-0 (33) Mohd,H (1758)-Lim,K (1514) Dewan Astana 2015}) 15... hxg4 16. hxg4 Qc7 (16... Nxd4 $142 17. Bxd4 Qa5) 17. Kg2 $16 Nxd4 18. Bxd4 Bc6 19. Rh1 Qa5 (19... Rfd8 $16 {was necessary.} 20. Nd5 Bxd5) 20. b4 Qc7 21. b5 axb5 22. cxb5 Bd7 23. b6 (23. g5 $18 Nh5 24. Nd5) 23... Qd8 24. Rh2 Rc5 (24... Bc6 $16) 25. Rbh1 $36 {[%mdl 2048] aiming for Nd5. Black is under strong pressure.} e5 $2 (25... Bc6 {might work better.} 26. Bxc5 dxc5 27. Qxd8 Rxd8) 26. Bxc5 $18 dxc5 27. Rd1 Qxb6 28. g5 Rd8 {White should prevent ...Bh3+.} 29. Kg3 (29. gxf6 Bh3+ 30. Rxh3 Rxd2 $18) 29... Nh5+ {[#]} 30. Rxh5 $1 {[%mdl 512]} gxh5 {[#]} 31. Bb5 $1 {[%mdl 512]} Qa5 (31... Bxb5 32. Qxd8+) 32. Bxd7 Rxd7 (32... Qc7 $18 33. g6 Qb6 34. gxf7+ Kf8) 33. Qxd7 Qxc3 {[%mdl 4096] Endgame KQR-KQB} 34. Qd3 $2 (34. Qe8+ {mates} Bf8 35. g6 h4+ 36. Kg4 Qc4 37. Rd5 Qxd5 38. exd5 fxg6 39. Kg5) 34... Qb2 (34... Qd4 {is a better defense.} 35. Qb3 h4+ 36. Kg2 (36. Kxh4 Qf2+ 37. Kh3 b5 $16) 36... h3+ 37. Kxh3 Qf2) 35. Qd2 Qa3 36. Qd8+ Kh7 37. Qd7 Qe3 38. Qf5+ Kg8 39. Rf1 (39. Kh3 $142) 39... b5 40. Kh4 $2 (40. Rh1 $18) 40... c4 $2 {[#]} (40... Qe2 $14 41. Rh1 Qxa2) 41. g6 $2 (41. Kxh5 Qd2 $11) ({Only move:} 41. Rd1 $1 $18) 41... fxg6 $1 $11 42. Qxg6 {Black must now prevent Qe8+.} c3 $2 {[#]} (42... Qe2 $11 {and Black stays safe.}) 43. Qe6+ $2 ({Stronger than} 43. Qxh5 Qf4+ 44. Kh3 c2 $11) ({Worse is} 43. Kxh5 Qe2 $11) ({White must play} 43. Qe8+ $1 $18 Kh7 44. Qxh5+ Kg8 45. Kg3 Qf4+ 46. Kg2) 43... Kh7 $2 {[%mdl 8192]} (43... Kf8 $1 $11) 44. Qf5+ $18 Kg8 45. Rd1 Qf2+ 46. Kh3 {White threatens Rd8+ and mate.} Qb6 47. Qc8+ Kh7 48. Qxc3 {Strongly threatening Qc8.} Qe6+ 49. Kg3 Qxa2 {intending ...h4+.} 50. Qc8 {Threatening mate with Qf5+.} h4+ $2 (50... Qf7 51. Rd6 Qf4+ 52. Kg2 Qf7) 51. Kh3 {Intending Qf5+ and mate.} Qf7 52. Qf5+ Qxf5+ 53. exf5 e4 $2 (53... Bf6 $18 54. Rd6 Kg7) 54. fxe4 {White mates.} Bc3 55. Rd6 b4 56. Rb6 {Precision: White = 58%, Black = 29%.} 1-0

[Event "9. Korbacher Open 2017"]
[Site "Korbach"]
[Date "2017.10.19"]
[Round "1"]
[White "Stork, Oliver"]
[Black "Wuestehube, Harry"]
[Result "1-0"]
[WhiteElo "2176"]
[BlackElo "1906"]
[Annotator "TA"]
[PlyCount "93"]
[EventDate "2017.??.??"]
[EventType "swiss"]
[EventCountry "GER"]
[SourceTitle "playchess.com"]
[Source "ChessBase"]
[SourceQuality "1"]

{[%evp 21,93,2,13,-1,2,7,35,42,47,41,78,47,50,37,41,32,84,104,99,90,97,74,84,83,94,69,75,32,39,0,0,-80,127,130,127,121,117,122,124,115,158,158,156,159,154,142,197,83,154,83,234,242,287,277,354,285,475,506,507,480,786,680,2849,5139,12841,12842,12842,12843,12843,12843,12844,12844,12845,12845]} 1. c4 c5 2. g3 Nc6 3. Bg2 d6 4. Nc3 g6 5. e3 Bg7 6. Nge2 e5 7. Rb1 Nge7 8. O-O O-O 9. a3 a5 10. d3 Rb8 11. Bd2 b6 {LiveBook: 6 Games. A36: Symmetrical English vs ...g6: 4 Bg2 Bg7} (11... Be6 12. Qa4 Bf5 13. Qc2 Qd7 14. Nd5 Nxd5 15. cxd5 Ne7 16. e4 Bh3 17. Bxa5 Bxg2 18. Kxg2 f5 19. Bd2 {1-0 (30) Vachier Lagrave,M (2798)-Rambaldi,F (2544) Biel 2016}) 12. Nd5 Nxd5 13. cxd5 Ne7 {The position is equal.} 14. b4 axb4 15. axb4 Bb7 $146 ({Predecessor:} 15... Ba6 16. Qb3 Qc7 17. Rfc1 Rfc8 18. f4 exf4 19. Nxf4 {0-1 (64) Williams,J (2333)-Banawa,J (2370) Saint Louis 2017}) 16. Qb3 Ba6 17. Ra1 Ra8 {With the idea ...e4!} 18. Ra3 Qd7 (18... c4 $14 19. dxc4 Bxc4 20. Rxa8 Bxb3 21. Rxd8 Rxd8) 19. Rfa1 $16 Bb7 20. Rxa8 (20. Nc3 {is more complex.} Rxa3 21. Rxa3 f5 22. Ra7 Rb8 23. e4) 20... Rxa8 21. Rxa8+ Bxa8 22. bxc5 dxc5 {[%cal Ra8d5]} 23. Qxb6 {And now Qb8+ would win.} Bxd5 24. Qb8+ Bf8 {...Bxg2 is the strong threat.} 25. Qxe5 {Strongly threatening Bc3.} Bxg2 26. Bc3 (26. Kxg2 $11 {keeps the balance.} Qxd3 27. Bc3 Qd5+ 28. e4 Qxe5 29. Bxe5) 26... f5 $2 (26... f6 $1 $17 {[%cal Rf6e5] stays on course.} 27. Qxf6 Qc6 28. Qh8+ Kf7) 27. Kxg2 {Hoping for Nf4.} Qd5+ 28. e4 Qxe5 29. Bxe5 {[%mdl 4096] Endgame KBN-KBN} Nc6 30. Bc3 Nb4 31. Bxb4 cxb4 {KB-KN} 32. Nc1 fxe4 33. dxe4 Kf7 {[#]} (33... Bc5 $16) 34. Kf3 (34. Nb3 $1 $18) 34... Ke6 {[#]} (34... g5 $142) 35. Nb3 (35. Ke2 $142 $1) 35... Bh6 $2 (35... g5 $16 {might work better.}) 36. Ke2 $18 Ke5 37. Kd3 Bf8 38. f4+ Kd6 $2 (38... Kf6 39. Kc4 Kf7) 39. Kc4 {White is clearly winning.} Kc6 40. Nd4+ Kb6 (40... Kd7 $142 41. Nc2 b3 42. Kxb3 Bc5) 41. e5 Ka5 42. g4 Bh6 43. e6 {e7 would kill now.} Bf8 44. e7 Bxe7 45. Nc6+ Ka4 46. Nxe7 {White wants to mate with Nd5.} Ka3 47. Nd5 {Precision: White = 61%, Black = 23%.} 1-0

[Event "9. Korbacher Open 2017"]
[Site "Korbach"]
[Date "2017.10.19"]
[Round "1"]
[White "Schmidt, Andre"]
[Black "Goetz, Jan"]
[Result "1/2-1/2"]
[WhiteElo "2154"]
[BlackElo "1890"]
[Annotator "TA"]
[PlyCount "155"]
[EventDate "2017.??.??"]
[EventType "swiss"]
[EventCountry "GER"]
[SourceTitle "playchess.com"]
[Source "ChessBase"]
[SourceQuality "1"]

{[%evp 25,155,13,35,9,18,20,43,41,89,27,56,37,46,44,76,19,54,-21,-24,-25,-31,-57,-56,-55,-57,-74,-82,-81,-21,-35,-30,-69,-68,-79,-36,-75,-6,-120,-109,-132,47,50,60,37,197,193,193,193,193,192,186,223,219,227,262,253,242,216,216,214,205,195,184,184,212,198,216,205,284,282,324,245,383,377,821,785,802,748,1254,1218,6203,6191,5609,5617,5281,2146,12407,1393,6522,6345,29966,29966,29957,5106,5658,5546,5541,5808,5225,5020,5220,5385,5020,4923,5081,4512,2072,1735,2348,4662,2603,3289,1318,2934,12731,12390,10232,10055,29968,29956,29977,29978,29978,29979,29979,29980,29981,29982,29982,29983,29982,29983]} 1. d4 d5 2. c4 e6 3. Nc3 c6 4. e4 dxe4 5. Nxe4 Bb4+ 6. Bd2 Qxd4 7. Bxb4 Qxe4+ 8. Be2 Nd7 9. Nf3 c5 10. Bc3 Ngf6 11. Qd6 {D31: Queen's Gambit Declined: Semi-Slav without ...Nf6 (+ Marshall Gambit and Noteboom) and Exchange Variation lines without ...Nf6} Qg6 12. Nd2 a5 13. Bf3 Ra6 {LiveBook: 3 Games} (13... e5 {with more complications.} 14. Bxe5 Ra6 15. Qc7 O-O 16. O-O Nxe5 17. Qxe5 Qf5) 14. Qc7 {[%mdl 1024] White has compensation.} O-O 15. O-O a4 16. Rfe1 Qd3 {[#]} 17. Qg3 $146 (17. Ne4 $16 Nxe4 18. Rad1 (18. Rxe4 a3 $14) (18. Bxe4 Qd6 $14) 18... Qxc4 19. Rxe4 (19. Bxe4 Qxa2 20. Rxd7 Bxd7 $11) 19... Qxa2 20. Be2 (20. Rxd7 Bxd7 21. Qxd7 a3 $11)) ({Predecessor:} 17. Ne4 Nxe4 18. Rad1 Qxc4 19. Bxe4 Qxa2 {½-½ (32) Stohl,I (2560)-Seitaj,I (2420) Moscow 1994}) 17... Qd6 18. Qg5 Ne8 19. Ne4 Qc7 20. Ng3 (20. Rad1 $16) 20... f6 $11 21. Qh5 (21. Qe3 $14) 21... Rf7 22. Rad1 Nf8 23. Rd2 e5 24. Bd5 Be6 25. Nf5 Bxd5 26. Rxd5 Ne6 ({Better is} 26... Nd6 $1 $17) 27. Qg4 {Nh6+ is the strong threat.} Rd7 28. Red1 Rxd5 29. Rxd5 Kh8 30. g3 Nd4 (30... g6 $17 31. Ne3 Kg7) 31. Ne3 {[#]} (31. Nh4 $11) 31... Rd6 $1 $17 32. Kf1 Qd8 $2 ({Black should play} 32... Rxd5 $17 33. Nxd5 Qc6) 33. Rxc5 $14 {Threatens to win with Rc8.} Nc7 {Strongly threatening ...b6.} 34. Ra5 $40 {[%mdl 128] White attacks.} Ra6 $2 (34... Nce6 $14) 35. Rxa6 $18 Nxa6 {[#]} 36. Bxd4 $1 exd4 37. Nf5 {[%csl Gf5][%cal Rg4g7]} g6 38. Qxd4 Qxd4 39. Nxd4 {[%mdl 4096] Endgame KN-KN} Nc5 40. b4 axb3 41. axb3 Kg8 42. Ke2 Kf7 43. f3 Ke7 44. Kd2 Nd7 45. Kc3 Ne5 46. c5 h6 47. b4 Kd7 48. b5 Ke7 (48... h5 $142 49. f4 Ng4) 49. h3 Kd7 $2 (49... Nd7 50. Kc4 (50. c6 bxc6 51. bxc6 Ne5 $18) 50... Nf8) 50. f4 Nf7 51. Kc4 Ke7 52. Kd5 Kd7 53. c6+ bxc6+ 54. bxc6+ Ke7 55. Nb5 g5 56. Ke4 (56. c7 $142 Kd7 57. c8=Q+ Kxc8 58. Nd6+ Kc7 59. Nxf7) 56... h5 57. Kf5 h4 58. gxh4 Nh6+ 59. Ke4 (59. Kg6 $142 gxf4 60. Kxh6 f3 61. Nd4 f2 62. Nf5+ Ke6 63. Ng3 Kd6 64. h5) 59... f5+ 60. Kf3 gxh4 61. Ke3 Ng8 62. c7 Kd7 {[#]} 63. c8=Q+ $1 {[%mdl 512]} Kxc8 64. Nd6+ Kd7 65. Nxf5 Ke6 66. Nxh4 Kf6 67. Kf3 Ne7 68. Kg4 Nd5 69. Ng2 Ne7 70. Ne3 Ng6 71. h4 {[%cal Bh3h4,Bh4h5][%mdl 32]} Ne7 72. h5 {White mates.} Ng8 73. Nf5 Kf7 74. Nd6+ Kf6 75. Ne4+ Kg7 76. Kg5 Nh6 77. Nd6 Ng8 78. f5 {[%mdl 32768] Precision: White = 60%, Black = 33%. . An unexpected result.} 1/2-1/2

[Event "9. Korbacher Open 2017"]
[Site "Korbach"]
[Date "2017.10.19"]
[Round "1"]
[White "Thomas, Ingo"]
[Black "Launert, Martin"]
[Result "1/2-1/2"]
[WhiteElo "2129"]
[BlackElo "1879"]
[Annotator "ChessBase"]
[PlyCount "51"]
[EventDate "2017.??.??"]
[EventType "swiss"]
[EventCountry "GER"]
[SourceTitle "playchess.com"]
[Source "ChessBase"]
[SourceQuality "1"]
[TimeControl "40/5400+30:1800+30"]

1. e4 {[%emt 0:00:00]} e5 {[%emt 0:00:11]} 2. Nf3 {[%emt 0:00:00]} Nc6 {[%emt 0:00:04]} 3. Bc4 {[%emt 0:00:07]} Bc5 {[%emt 0:00:46]} 4. c3 {[%emt 0:00:55]} Nf6 {[%emt 0:00:12]} 5. d3 {[%emt 0:00:16]} d6 {[%emt 0:01:15]} 6. h3 {[%emt 0:02:47]} a6 {[%emt 0:05:53]} 7. Bb3 {[%emt 0:00:46]} h6 {[%emt 0:00:36]} 8. Bc2 {[%emt 0:08:26]} b5 {[%emt 0:03:29]} 9. b4 {[%emt 0:07:21]} Bb6 {[%emt 0:01:00]} 10. a4 {[%emt 0:00:14]} Bd7 {[%emt 0:03:57]} 11. O-O {[%emt 0:14:28]} O-O {[%emt 0:00:44]} 12. Na3 {[%emt 0:06:32]} Ne7 {[%emt 0:01:04]} 13. d4 {[%emt 0:02:01]} Ng6 {[%emt 0:01:27]} 14. c4 {[%emt 0:05:47]} exd4 {[%emt 0:13:42]} 15. cxb5 {[%emt 0:06:39]} c5 {[%emt 0:32:43]} 16. bxc6 {[%emt 0:06:41]} Bxc6 {[%emt 0:00:46]} 17. Nxd4 {[%emt 0:01:11]} Bxe4 {[%emt 0:00:49]} 18. Be3 {[%emt 0:02:00]} Bxc2 {[%emt 0:02:45]} 19. Qxc2 {[%emt 0:00:35]} Nd5 {[%emt 0:01:08]} 20. Qb3 {[%emt 0:03:49]} Nxe3 {[%emt 0:02:49]} 21. Qxe3 {[%emt 0:05:20]} Qf6 {[%emt 0:03:29]} 22. Rad1 {[%emt 0:00:12]} Rfe8 {[%emt 0:00:54]} 23. Qd2 {[%emt 0:01:22]} Nf4 {[%emt 0:05:35]} 24. Kh2 {[%emt 0:00:30]} d5 {[%emt 0:04:38]} 25. Nac2 {[%emt 0:02:00]} Re4 {[%emt 0:04:21]} 26. b5 {[%emt 0:10:06]} 1/2-1/2

[Event "9. Korbacher Open 2017"]
[Site "Korbach"]
[Date "2017.10.19"]
[Round "1"]
[White "Neukirchner, Pascal"]
[Black "Trienekens, Tjark"]
[Result "1-0"]
[WhiteElo "2123"]
[BlackElo "1865"]
[Annotator "ChessBase"]
[PlyCount "87"]
[EventDate "2017.??.??"]
[EventType "swiss"]
[EventCountry "GER"]
[SourceTitle "playchess.com"]
[Source "ChessBase"]
[SourceQuality "1"]
[TimeControl "40/5400+30:1800+30"]

1. d4 {[%emt 0:00:00]} Nf6 {[%emt 0:00:10]} 2. c4 {[%emt 0:00:00]} c5 {[%emt 0:00:08]} 3. d5 {[%emt 0:00:00]} b5 {[%emt 0:00:06]} 4. cxb5 {[%emt 0:00:19]} a6 {[%emt 0:00:13]} 5. bxa6 {[%emt 0:00:05]} Bxa6 {[%emt 0:00:06]} 6. Nc3 {[%emt 0:00:05]} d6 {[%emt 0:01:11]} 7. e4 {[%emt 0:00:38]} Bxf1 {[%emt 0:00:14]} 8. Kxf1 {[%emt 0:00:04]} g6 {[%emt 0:01:38]} 9. Nf3 {[%emt 0:00:06]} Bg7 {[%emt 0:00:28]} 10. g3 {[%emt 0:00:06]} O-O {[%emt 0:00:37]} 11. Kg2 {[%emt 0:00:05]} e6 {[%emt 0:03:36]} 12. dxe6 {[%emt 0:04:20]} fxe6 {[%emt 0:02:02]} 13. e5 {[%emt 0:00:02]} dxe5 {[%emt 0:06:18]} 14. Qxd8 {[%emt 0:08:04]} Rxd8 {[%emt 0:01:31]} 15. Nxe5 {[%emt 0:03:00]} Nd5 {[%emt 0:03:32]} 16. Bg5 {[%emt 0:00:37]} Rf8 {[%emt 0:26:24]} 17. Rhe1 {[%emt 0:03:19]} Nxc3 {[%emt 0:03:31]} 18. bxc3 {[%emt 0:00:12]} Rf5 {[%emt 0:00:09]} 19. f4 {[%emt 0:01:05]} Ra3 {[%emt 0:09:04]} 20. Re2 {[%emt 0:15:22]} Bxe5 {[%emt 0:13:09]} 21. Rxe5 {[%emt 0:00:02]} Rxe5 {[%emt 0:00:11]} 22. fxe5 {[%emt 0:00:07]} Nc6 {[%emt 0:00:36]} 23. Bf6 {[%emt 0:06:29]} Na5 {[%emt 0:01:44]} 24. Rd1 {[%emt 0:01:01]} Rxa2+ {[%emt 0:03:07]} 25. Kh3 {[%emt 0:00:01]} Ra3 {[%emt 0:05:43]} 26. Rd8+ {[%emt 0:00:57]} Kf7 {[%emt 0:00:19]} 27. Rh8 {[%emt 0:00:06]} h5 {[%emt 0:03:24]} 28. Rh7+ {[%emt 0:04:02]} Kg8 {[%emt 0:03:09]} 29. Rg7+ {[%emt 0:00:10]} Kf8 {[%emt 0:00:11]} 30. Ra7 {[%emt 0:01:40]} Ke8 {[%emt 0:01:22]} 31. Kh4 {[%emt 0:00:30]} Nc4 {[%emt 0:03:15]} 32. Re7+ {[%emt 0:00:03]} Kf8 {[%emt 0:00:17]} 33. Kg5 {[%emt 0:00:10]} Nxe5 {[%emt 0:03:39]} 34. Rxe6 {[%emt 0:00:03]} Nd7 {[%emt 0:04:55]} 35. Kxg6 {[%emt 0:00:02]} Nxf6 {[%emt 0:00:40]} 36. Rxf6+ {[%emt 0:00:01]} Ke7 {[%emt 0:00:19]} 37. Rf3 {[%emt 0:00:02]} h4 {[%emt 0:00:34]} 38. g4 {[%emt 0:01:50]} Ra2 {[%emt 0:00:52]} 39. Rh3 {[%emt 0:00:03]} Ra3 {[%emt 0:01:03]} 40. Kf5 {[%emt 0:00:21]} Kd6 {[%emt 0:30:24]} 41. g5 {[%emt 0:30:12]} Ra4 {[%emt 0:00:32]} 42. g6 {[%emt 0:00:08]} Kd5 {[%emt 0:00:32]} 43. g7 {[%emt 0:00:22]} Ra1 {[%emt 0:00:33]} 44. g8=Q+ {[%emt 0:00:12]} 1-0

[Event "9. Korbacher Open 2017"]
[Site "Korbach"]
[Date "2017.10.19"]
[Round "1"]
[White "Andersen, Lars Christoff"]
[Black "Timar-Geng, Zoltan"]
[Result "0-1"]
[WhiteElo "2107"]
[BlackElo "1859"]
[Annotator "TA"]
[PlyCount "84"]
[EventDate "2017.??.??"]
[EventType "swiss"]
[EventCountry "GER"]
[SourceTitle "playchess.com"]
[Source "ChessBase"]
[SourceQuality "1"]

{[%evp 9,84,2,17,0,50,29,33,-14,0,-45,-31,-47,-38,-50,-58,-41,-43,-62,-54,-71,-46,-37,-41,-36,-35,-50,-38,-106,-94,-135,-116,-135,-30,-122,-120,-128,-41,-218,-243,-275,-223,-250,-200,-248,-185,-189,-84,-369,-193,-217,-182,-287,-313,-726,-710,-726,-673,-643,-619,-684,-669,-667,-647,-864,-822,-1234,-1226,-1210,-1170,-1133,-1022,-1011,-1002,-950,-950,-1011,-1011]} 1. g3 d5 2. Bg2 c6 3. Nf3 Bg4 4. d4 e6 5. Ne5 (5. O-O Nd7 6. Nbd2 Ngf6 7. c4 Be7 8. b3 h6 9. Bb2 O-O 10. Qc2 Bf5 11. Qc3 b5 12. Ne5 Rc8 13. Nxd7 Qxd7 14. c5 Ne4 15. Nxe4 dxe4 16. f3 Qd5 17. fxe4 Bxe4 18. Bxe4 Qxe4 {0-1 (38) Rakhmanov,A (2640)-Navara,D (2730) Minsk 2015}) 5... Bf5 6. Nc3 $146 {D02: Damenbauernspiele} ({Vorgänger:} 6. g4 Be4 7. f3 Bg6 8. Kf1 Qh4 9. Nd3 f6 10. Bf4 Bf7 11. Bg3 Qh6 12. h4 g5 {1-0 (46) Pogosyan,S (2314)-Ghukasyan,S (2192) Batumi 2017}) 6... h6 7. O-O Nd7 8. Nd3 {Weiß steht etwas besser.} Ngf6 9. Bf4 Be7 10. a4 a5 11. h3 g5 12. Be3 Qc7 13. Rb1 Bd6 14. Qd2 Ne4 15. Nxe4 Bxe4 16. Nc5 Bxg2 17. Kxg2 Nf6 18. c3 (18. Qd3 $15) 18... b6 $17 19. Nd3 Ne4 20. Qe1 Rb8 ({Besser ist} 20... c5 $17 21. b3 f5) 21. Rh1 (21. Ne5 $1 $11) 21... f5 22. Ne5 Rg8 ({Lieber} 22... Rf8 $17 {Und ...f4 würde nun gewinnen.} 23. f3 f4 24. Bxf4 gxf4 25. fxe4 Bxe5 26. dxe5 Qxe5 27. exd5 exd5) 23. f4 $2 (23. f3 $15) 23... Bxe5 $19 24. fxe5 Qf7 25. Rf1 Qg6 26. Kh2 Kd7 27. Rg1 Kc7 (27... Qh5 $19 {und Schwarz behält klar die Oberhand.} 28. Rc1 f4 $1 {[%mdl 512]}) 28. Qc1 $2 {[%mdl 8192] [#]} (28. b4 $17) 28... Qh5 (28... f4 $142 $1 {[%mdl 512]} 29. gxf4 Qh5) 29. Qe1 Rbf8 30. Rg2 (30. b4 $142 f4 31. Bf2) 30... f4 31. g4 $2 (31. Bf2) 31... Qg6 {Schwarz steht klar auf Gewinn.} 32. Bg1 f3 33. exf3 Rxf3 34. Qe2 Qf7 {Droht stark ...Df4+.} 35. Be3 {Wenn Weiss jetzt Zeit für Kg1 hätte...} Kb7 36. Rgg1 Rf8 37. Rg2 h5 38. Rbg1 hxg4 39. Rxg4 Qh7 {[%csl Gf3][%cal Rh7h3]} 40. h4 {[#]} Rf2+ $1 {[%mdl 512]} 41. Bxf2 Rxf2+ 42. Qxf2 Nxf2 {Precision: Weiß = 27%, Schwarz = 50%.} 0-1

[Event "9. Korbacher Open 2017"]
[Site "Korbach"]
[Date "2017.10.19"]
[Round "1"]
[White "Sanati, Charlotte"]
[Black "Plaza Reino, Mercedes"]
[Result "1-0"]
[WhiteElo "2098"]
[BlackElo "1822"]
[Annotator "NA RC"]
[PlyCount "93"]
[EventDate "2017.??.??"]
[EventType "swiss"]
[EventCountry "GER"]
[SourceTitle "playchess.com"]
[Source "ChessBase"]
[SourceQuality "1"]
[TimeControl "40/5400+30:1800+30"]

{[%evp 12,93,16,23,32767,32767,20,20,32767,32767,30,11,23,14,43,31,27,22,41,28,40,6,32767,48,32767,46,70,32767,69,32767,57,64,46,-2,29,32767,243,243,262,268,598,32767,590,32767,32767,736,625,150,142,130,226,240,218,247,245,286,363,357,371,347,305,364,796,841,1216,405,1181,32767,2170,993,1036,1300,1291,1553,1653,1068,989,1160,1404,1661,29981,29985,29986,29986]} 1. d4 {[%emt 0:00:00]} d5 {[%emt 0:00:07]} 2. c4 {[%emt 0:00:00]} e6 {[%emt 0:00:01]} 3. cxd5 {[%emt 0:00:00]} exd5 {[%emt 0:00:03]} 4. Nc3 {[%emt 0:00:00]} Nf6 {[%emt 0:00:05]} 5. Bg5 {[%emt 0:00:19]} Be7 {[%emt 0:00:52]} 6. e3 {[%emt 0:00:31]} c6 {[%emt 0:01:16]} 7. Bd3 {[%emt 0:01:11]} h6 {[%emt 0:03:31]} 8. Bh4 {[%emt 0:03:32]} Nbd7 {[%emt 0:00:27]} 9. Nge2 {[%emt 0:01:02]} O-O {[%emt 0:02:04]} 10. O-O {[%emt 0:00:16]} Re8 {[%emt 0:08:21] D35: Queen's Gambit Declined: Exchange Variation} 11. f3 {[%emt 0:08:04] LiveBook: 9 Games} Nf8 {[%emt 0:38:46]} (11... c5 12. Kh1 a6 13. Rc1 cxd4 14. exd4 b5 15. Bg3 Bb7 16. a4 b4 17. Nb1 Rc8 18. Rxc8 Qxc8 {1-0 (42) Ivanisevic,I (2662)-Bokros,A (2472) Kragujevac 2015}) 12. Bf2 {[%emt 0:08:15]} b6 {[%emt 0:11:37]} 13. Qd2 {[%emt 0:10:23]} Ne6 {[%emt 0:06:11]} 14. Rad1 $146 {[%emt 0:03:10]} ({Predecessor:} 14. h3 c5 15. Rad1 Bb7 16. Bb5 Rf8 17. Ba4 a6 18. Bb3 {1-0 (53) Guerrero,A (2197)-Genta,A (2118) Colonia del Sacramento 2009}) 14... Bb7 {[%emt 0:01:36]} 15. Bf5 {[%emt 0:06:02]} Bf8 {[%emt 0:07:11]} 16. e4 {[%emt 0:03:44]} g6 {[%emt 0:04:11]} 17. Bxe6 $1 {[%emt 0:07:17]} Rxe6 {[%emt 0:00:45]} 18. e5 {[%emt 0:03:51]} Nd7 {[%emt 0:00:49]} 19. Be3 {[%emt 0:03:27]} Kh7 {[%emt 0:00:14]} 20. f4 {[%emt 0:00:34]} f5 {[%emt 0:02:58]} 21. g4 {[%emt 0:05:40]} Qh4 {[%emt 0:06:24]} 22. g5 {[%emt 0:10:19]} (22. gxf5 $14 gxf5 23. Kh1) 22... hxg5 {[%emt 0:00:46]} 23. fxg5 {[%emt 0:01:42]} Kg7 $2 {[%emt 0:01:12]} (23... Qg4+ $11 24. Kh1 {[#]} Nxe5 $1 {[%mdl 512]}) 24. Nf4 {[%emt 0:02:02]} Ree8 {[%emt 0:02:06]} 25. Rf3 {[%emt 0:01:19]} Qh7 $2 {[%emt 0:00:48]} (25... Be7 {is more resistant.} 26. e6 Nf8) 26. Rh3 {[%emt 0:01:44]} Qg8 {[%emt 0:00:16]} 27. Rh6 {[%emt 0:00:27]} Re6 {[%emt 0:00:34]} 28. Nxe6+ {[%emt 0:01:36]} Qxe6 {[%emt 0:00:01]} 29. Qf2 $2 {[%emt 0:00:24]} (29. Ne2 $18) 29... Kg8 {[%emt 0:01:08]} 30. Rh3 {[%emt 0:02:10]} Bg7 {[%emt 0:00:18] [#]} (30... Ba6 $16 31. Rd2 (31. Qh4 Bg7 $16) 31... Bg7) 31. Ne2 $1 {[%emt 0:00:55]} Nf8 {[%emt 0:00:26]} 32. Nf4 {[%emt 0:01:09]} Qe7 {[%emt 0:00:43]} 33. Rg3 {[%emt 0:02:43]} Bc8 {[%emt 0:00:21]} 34. h4 {[%emt 0:00:28]} Be6 {[%emt 0:00:41]} 35. Qh2 {[%emt 0:02:48]} Bf7 {[%emt 0:00:32]} 36. h5 {[%emt 0:01:22]} Ne6 $2 {[%emt 0:00:34]} (36... Rc8 37. h6 Bh8) 37. hxg6 {[%emt 0:01:24]} Be8 {[%emt 0:00:31]} 38. Qh7+ {[%emt 0:01:11]} Kf8 {[%emt 0:00:01]} 39. Nh5 {[%emt 0:01:04]} Qc7 {[%emt 0:01:00]} 40. Nf6 {[%emt 0:00:39]} (40. Rf1 $142 Qd7 41. Rxf5+ Ke7 42. Nxg7 Nxg7 43. Qxg7+ Kd8 44. Qf8 Qxf5 45. Qxf5) 40... Ke7 {[%emt 0:30:27]} 41. Rc1 {[%emt 0:34:24]} Qb7 {[%emt 0:00:00]} 42. Rf1 {[%emt 0:00:00]} Kd8 {[%emt 0:00:00]} 43. Qg8 {[%emt 0:00:00]} Qe7 {[%emt 0:00:00]} 44. Rxf5 {[%emt 0:00:00]} Kc7 {[%emt 0:00:00]} 45. Nxe8+ {[%emt 0:00:00]} Qxe8 {[%emt 0:00:00]} 46. Rf7+ {[%emt 0:00:00]} Kd8 {[%emt 0:00:00]} 47. Rxg7 {[%emt 0:00:00]} 1-0